[Event "RUS-ch"]
[Site "Krasnodar"]
[Date "2002.08.29"]
[Round "3"]
[White "Kornev, Alexei"]
[Black "Balashov, Yuri S"]
[Result "1/2-1/2"]
[WhiteElo "2567"]
[BlackElo "2526"]
[Annotator "Ribli,Z"]
[PlyCount "87"]
[EventDate "2002.08.27"]
[EventType "swiss"]
[EventRounds "9"]
[EventCountry "RUS"]
[SourceTitle "CBM 091"]
[Source "ChessBase"]
[SourceDate "2002.11.12"]
[SourceVersion "1"]
[SourceVersionDate "2002.11.12"]
[SourceQuality "1"]

1. d4 Nf6 2. c4 e6 3. Nf3 a6 {Dieser Zug wird selten gespielt - Schwarz möchte
im folgenden 4...c5 spielen und im Falle von 5.d5 muss Weiß mit 5...b5 rechnen.
} 4. Nc3 c5 5. g3 (5. d5 {Das wäre die prinzipielle Fortsetzung für Weiß, aber
Züge wie 5.e4 (nach 5...cxd4 6.Sxd4 haben wir eine Variante der Sizilianischen
Verteidigung) oder 5.e3 sind auch spielbar.} b5 6. Bg5 {In dieser Variante hat
Weiß gute Chancen auf Eröffnungsvorteil.}) 5... cxd4 6. Nxd4 Qc7 7. Bg2 (7. Qd3
Nc6 8. Nxc6 dxc6 $11) 7... Qxc4 {Die Annahme des Bauern ist klar die beste
Möglichkeit für Schwarz.} (7... Be7 8. O-O O-O 9. Bf4 d6 10. Nb3 Nbd7 11. Rc1
Nh5 12. Be3 $14) (7... d6 8. O-O Be7 9. b3 $14) 8. O-O Nc6 (8... Qc7 $5 9. e4
d6 10. Be3 Be7 11. Rc1 Qd8 12. f4 $13) 9. Nb3 {Es scheint logisch,dass Weiß
nicht tauscht - Schwarz muss vorsichtig sein, weil seine Dame sehr exponiert
steht.} (9. Nxc6 bxc6 10. Bf4 d5 (10... Qb4 11. e4 Be7 12. a3 Qb7 13. Bd6 $44)
11. e4 Be7 12. a3 a5 $8 {Die weiße Drohung war 13.Rc1 und 14.Nxd5, oder 13.Re1
und 14.Bf1.} 13. Rc1 Qa6 $13) 9... d5 (9... Qb4 10. a3 Qd6 11. Qc2 Qc7 12. e4
Be7 13. Bf4 d6 14. Rac1 Ne5 15. Rfd1 Bd7 16. Qb1 Qb6 17. Nd4 O-O {0-1 Maki,
J-Gurevich,D/Las Vegas 1994/EXT 97 (58)}) (9... Be7 10. Bf4 (10. e4) 10... O-O
11. a3 a5 12. Rc1 a4 13. Nd2 Qa6 14. e4 d6 15. Re1 Ne5 16. Bf1 Qa7 17. Be3 b6
18. Nb5 {0-1 Haroutjunian,D-Kudrin,S/Yerevan 1996/CBM 52 ext (45)}) 10. Bf4 {
[%csl Gf4][%cal Gf4b8] Der Läufer steht ausgezeichnet auf f4, von wo er viele
wichtige Punkten am Damenflügel kontrolliert.} (10. Bg5 Be7 11. Rc1 Qg4 12. Bf4
O-O 13. Na4 e5 14. Nb6 Rb8 15. Bd2 Be6 16. Nc5 Bxc5 17. Rxc5 Qd4 18. Qc1 Rbd8 {
1/2-1/2 Silva,F-Galego,L/Lisbon 1993/CBM 35 (79)}) (10. a3 Be7 11. Bf4 O-O 12.
Rc1 Rd8 13. Bc7 Rd7 14. Bb6 Qg4 15. Nc5 Bxc5 16. Bxc5 b5 17. e4 $44 {1/2-1/2
Aronian,L-Prusikhin,M/Morso DEN 2002/(125)}) 10... Be7 (10... Qb4 11. Re1 Be7
12. e4 dxe4 13. Bc7 $1 e3 14. Rxe3 O-O 15. h3 Na7 16. Rc1 Nb5 17. a3 Nxc3 18.
Rcxc3 Qa4 19. Qc1 Qd7 20. Be5 Nd5 21. Red3 Nxc3 22. Qxc3 Qb5 23. Bxg7 {1-0
Kasparov,G-Kramnik,V/Moscow 2001/CBM 87 (31)}) 11. Rc1 {[%cal Gc1c8]} Qb4 12.
a3 (12. Bc7 Bd8 13. Bxd8 Nxd8 14. e4 dxe4 15. Re1 O-O 16. Nxe4 Nxe4 17. Rxe4
Qe7 {0-1 Levit,R-Gurevich,D/Chicago 1989/EXT 99 (41)}) 12... Qb6 13. e4 $44 {
[%csl Gf4,Gg2] Weiß hat aktives Figurenspiel und Entwicklungsvorteil. Sein
Läuferpaar kontrolliert den gesamten Damenflügel.} Nxe4 (13... d4 14. Na4 (14.
Nd5 $2 exd5 15. exd5 g5 $19) 14... Qa7 15. Bc7 (15. e5 Nd5 16. Bxd5 exd5) 15...
Nd7 16. e5 $36) (13... dxe4 14. Nxe4) 14. Nxe4 dxe4 15. Bxe4 O-O (15... Bd7 16.
Be3 Qc7 17. Nc5 $44) 16. Qc2 h6 17. Be3 (17. Bxc6 $2 bxc6 18. Qxc6 Qxb3 19.
Qxa8 Bb7 20. Qa7 Qf3 $19) 17... Qc7 18. Nd4 {[%mdl 2048] Das ist der sicherste
Zug - Weiß gewinnt den Bauern zurück, aber das resultierende Endspiel bietet
keinen Vorteil.} (18. Nc5 $44) (18. Rfd1 $44) 18... Bd7 19. Bxc6 (19. Nxc6 bxc6
20. Bxc6 Rac8 21. Be4 $11) 19... bxc6 20. Nxc6 Bxc6 21. Qxc6 Qxc6 22. Rxc6 Rfb8
$11 {Scheinbar hat Weiß einen kleinen Vorteil wegen seiner Bauernmehrheit am
Damenflügel, aber Schwarz kann das Remis leicht halten - er hat aktives
Figurenspiel.} 23. Bd4 (23. b4 a5 24. Bc5 $11) 23... Bf6 {Am einfachsten -
Schwarz tauscht den Läufer, wonach ein Turmendspiel entsteht, in dem die
Chancen gleich sind.} (23... a5 $11) 24. Bxf6 gxf6 25. b4 (25. Rc2 Rb3 26. Rd1
$11) 25... a5 26. Rb1 (26. bxa5 $6 Rb3 27. Ra1 Rxa5 28. a4 Rb4 $15) 26... axb4
27. axb4 (27. Rxb4 $11) 27... Rb5 28. Rc5 Rxc5 29. bxc5 {[%mdl 4096] Weiß hat
einen Freibauern, aber Schwarz kann das Endspiel leicht halten.} Kf8 {[%cal
Gf8e7,Ge7d7]} 30. Kg2 Ra4 {[%cal Ga4c4,Gc4c5]} 31. Rc1 (31. Rb8+ $5 Ke7 (31...
Kg7 32. c6 Rc4 33. Rc8 f5 $11) 32. Rb7+ Ke8 33. c6 Rc4 34. c7 f5 $11 (34... Kd7
35. c8=Q+ Kxc8 36. Rxf7 f5 37. Rf6 $16)) 31... Ke7 32. c6 Kd8 33. c7+ Kc8 34.
Rc2 f5 35. Kh3 (35. f4 Ra7 $15) 35... f4 $1 (35... Ra7 $2 36. Kh4 Rxc7 37.
Rxc7+ Kxc7 38. Kh5 $18 {[%csl Gh2]}) 36. g4 Ra3+ 37. Kh4 (37. Kg2 Rd3 $11)
37... Rf3 38. g5 (38. Kh5 $4 Rh3#) 38... hxg5+ 39. Kxg5 Rh3 40. Kxf4 (40. Kf6
Rxh2 41. Kxf7 e5 42. Re2 $11) 40... Rxh2 41. Ke5 Rh5+ 42. Kd6 (42. Kf6 Rf5+ $11
) 42... Rd5+ 43. Ke7 Rd7+ 44. Kf6 (44. Kf6 Rxc7 45. Rxc7+ Kxc7 46. Kxf7 Kd7 $11
) 1/2-1/2

[Event "RUS-ch"]
[Site "Krasnodar"]
[Date "2002.09.02"]
[Round "7"]
[White "Namgilov, Sogto"]
[Black "Balashov, Yuri S"]
[Result "0-1"]
[WhiteElo "2477"]
[BlackElo "2526"]
[Annotator "Ribli,Z"]
[PlyCount "110"]
[EventDate "2002.08.27"]
[EventType "swiss"]
[EventRounds "9"]
[EventCountry "RUS"]
[SourceTitle "CBM 091"]
[Source "ChessBase"]
[SourceDate "2002.11.12"]
[SourceVersion "1"]
[SourceVersionDate "2002.11.12"]
[SourceQuality "1"]

1. d4 Nf6 2. c4 e6 3. Nf3 a6 4. Nc3 c5 5. g3 {Weiß vermeidet die prinzipielle
Variante 5.d5 b5 6.Bg5. Der Textzug scheint mir etwas genügsam.} cxd4 6. Nxd4
Qc7 7. Qd3 {Weiß verteidigt den c4-Bauern. Nach diesem Zug hat er keine
Chancen mehr auf Eröffnungsvorteil.} (7. Bg2) 7... Nc6 (7... b6 8. Bg2 Bb7 9.
Bf4 d6 10. Bxb7 Qxb7 11. Nf3 Nc6 12. O-O Be7 13. Ng5 $14) 8. Nxc6 bxc6 {
Schwarz möchte das Spiel komplizieren - nach 8...dxc6 wäre die Stellung gleich.
} (8... dxc6 9. Bg2 e5 10. O-O Be6 11. b3 (11. Na4 {1/2-1/2 Kasparov,G-Kramnik,
V/London 2000/CBM 80 (11)}) 11... Rd8 12. Qc2 Be7 13. Bb2 O-O 14. Rad1 {
1/2-1/2 Ribli,Z-Ljubojevic,L/Linares 1981/MCL/}) 9. Bg2 Be7 (9... d5 10. O-O a5
11. cxd5 cxd5 12. Bf4 Qb6 13. Nb5 Ra7 14. Rac1 Ba6 15. Be3 Qxb5 16. Qxb5+ Bxb5
17. Bxa7 {1-0 Lopez,V-Chang,S/Elista 1998/CBM 66 ext (36)}) (9... Bb7 10. O-O
Be7 11. Bf4 e5 12. Bg5 Rd8 13. Ne4 Nxe4 14. Bxe7 Kxe7 15. Qxe4 g6 16. c5 f5 17.
Qc4 {1-0 Cifuentes Parada,R-O'Brien,R/Benasque 1993/TD (32)}) 10. O-O O-O 11.
Rd1 (11. e4 d6 12. b3 Rb8 13. Bb2 Rd8 14. Rad1 Bb7 15. Qe2 c5 16. f4 Nd7 17.
Rd2 Bf6 18. Rfd1 Bd4+ 19. Kh1 Rbc8 {0-1 Martinec,K-Balsinek,P/Znojmo 1997/EXT
98 (36)}) 11... d6 {Weiß hat Raumvorteil und aktives Figurenspiel, aber die
schwarze Stellung - besonders seine Zentrumsstellung - ist fest.} 12. b3 (12.
Bf4 e5 13. Bg5) 12... Bb7 13. Bf4 (13. Bb2 $5 {Diese Läuferentwicklung wäre -
nach meiner Meinung - logischer als die Partiefortsetzung, aber der Textzug
ist auch nicht schlecht.} c5 14. Ne4 (14. e4 Nd7 $11) 14... Nxe4 15. Bxe4 Bxe4
16. Qxe4 $11) 13... e5 14. Bg5 {Die weiße positionelle Drohung ist jetzt 15.
Bxf6, aber in diesen Stellungen kann Schwarz eine scheinbare Schwäche (den d6
- Bauern) leicht verteidigen.} Rfd8 $11 15. Qf5 (15. Rac1 $11) (15. Ne4 Nxe4 (
15... Ne8) 16. Bxe7 Qxe7 17. Bxe4 g6 $11) 15... g6 (15... Qc8 16. Qxc8 Raxc8
17. Be3 $14 (17. Rd2 $14)) 16. Qf3 (16. Qh3) 16... Nh5 17. Bxe7 (17. Qe3 $5)
17... Qxe7 18. Qe3 f5 {[%csl Gc6,Gd6,Ge5,Gf5] Was ist wichtiger? Schwarz hat
eine starke Bauernstellung in der Mitte, aber die weißen Leichtfiguren stehen
aktiver. Ich glaube, die Stellung ist im dynamischen Gleichgewicht.} 19. Rd2
Nf6 20. Rad1 {[%cal Gd1d8]} a5 {Droht 21...Ng4 22.Qb6 Ra6.} (20... Ng4 21. Qb6
e4 $13) 21. Qg5 {[%cal Gg5e7]} d5 (21... Kg7 22. e4 $16) 22. cxd5 (22. e3 dxc4
23. bxc4 Rxd2 24. Rxd2 $11) (22. Na4 dxc4 23. bxc4 e4 $11) 22... cxd5 23. Nxd5
$6 (23. e3 $11) 23... Bxd5 (23... Nxd5 $2 24. Qxe7 $18) 24. Rxd5 (24. Bxd5+ $2
Rxd5 25. Rxd5 Nxd5 $19) 24... Nxd5 25. Bxd5+ Kf8 $15 {[%cal Gd8d1] Obwohl die
schwarze Königsstellung geschwächt ist, steht dieser beser. Die Mehrqualität
zählt mehr als die unzureichende weiße Initiative.} 26. Qh6+ Qg7 27. Qc1 {
[%cal Gc1a3,Ga3f8,Gc1c5,Gc5f8]} (27. Qxg7+ $2 Kxg7 $19) (27. Qe3 Rac8 $15)
27... Rac8 28. Bc4 (28. Qa3+ $2 Qe7 29. Qxa5 Rc5 $19) 28... Rxd1+ 29. Qxd1 Qc7
30. e4 {Mit diesem Zug möchte Weiß die schwarze Bauernstruktur am Königsflügel
schwächen.} (30. Qd5 Kg7 $15) 30... Rd8 (30... fxe4 31. Qd5 Kg7 32. Qxe4 $15)
31. Qf3 Qd7 32. Kg2 (32. Bd5 $15) 32... Kg7 33. exf5 (33. Bd5 $15) 33... gxf5 (
33... Qxf5 34. Qc3 $15) 34. h3 Rf8 {[%cal Gf5f4]} 35. Be2 Qd4 36. Bc4 f4 $5 {
Schwarz möchte endlich etwas Konkretes machen, aber dieser Zug schwächt den
e4-Punkt. Allerdings sehe ich keine Alternative für Schwarz, der früher oder
später den Textzug spielen muss.} (36... e4 37. Qf4 $15 {[%csl Gf4]}) 37. Qb7+
(37. g4 $4 e4 $19) (37. Qg4+ $6 Kh8 $17) 37... Kg6 38. Qf3 (38. Qe7 $5) 38...
Qd7 39. Bd3+ Kh6 40. Be4 {[%csl Ge4][%mdl 256] Der Läufer steht ausgezeichnet
auf e4.} (40. Qe4) 40... Qe7 41. g4 (41. Qe2 $15) 41... Rd8 {[%csl Yd4][%cal
Gd8d4]} 42. Qc3 Rd4 43. Qc8 (43. Kf3 $15) 43... Qf7 (43... Rxe4 $4 44. Qc6+ $16
{[%cal Rc6e4,Rc6h6]}) 44. Qc6+ Kg7 45. g5 $6 {Droht eventuell Qh6+, aber mit
diesem Zug schwächt Weiß seine eigene Königsstellung. Ich glaube, er wäre
besser einer Wartetaktik gefolgt.} Qe7 46. h4 Rd6 47. Qc5 Qe6 48. Kf3 (48. Kh2)
48... h6 $1 49. Qxa5 (49. gxh6+ Kxh6 50. Qxa5 Kh5 $15) 49... hxg5 (49... h5 50.
Ke2) 50. hxg5 Rd7 {[%cal Ge6h3,Gh3f3]} 51. g6 $6 (51. Qb5 $15) 51... Qh3+ 52.
Ke2 Qg4+ 53. Bf3 (53. f3 Qg2+ $19) 53... Qf5 $17 {[%csl Re2]} 54. Qa8 $2 {
[%mdl 8192] Weiß verteidigt sich nicht gegen die schwarze Hauptdrohung.} (54.
Qb5 Qc2+ 55. Kf1 Qb1+ 56. Kg2 Qxg6+ $17) 54... Qd3+ 55. Ke1 Qb1+ (55... Qb1+
56. Ke2 Qd1#) 0-1

[Event "Corus-B"]
[Site "Wijk aan Zee"]
[Date "2001.01.22"]
[Round "6"]
[White "Bosboom, Manuel"]
[Black "Hoeksema, Hendrik Pieter"]
[Result "1-0"]
[WhiteElo "2439"]
[BlackElo "2382"]
[Annotator "Ribli,Z"]
[PlyCount "69"]
[EventDate "2001.01.13"]
[EventType "tourn"]
[EventRounds "11"]
[EventCountry "NED"]
[EventCategory "10"]
[SourceTitle "CBM 081"]
[Source "ChessBase"]
[SourceDate "2001.03.20"]
[SourceVersion "1"]
[SourceVersionDate "2001.03.20"]
[SourceQuality "1"]

1. d4 Nf6 2. c4 e6 3. g3 c5 (3... d5 {Mit diesem Zug erreicht Schwarz die
Katalanische Verteidigung.}) 4. Nf3 (4. d5) 4... cxd4 5. Nxd4 Bb4+ 6. Bd2 (6.
Nc3) 6... Qb6 7. Bg2 (7. e3) 7... Bc5 8. e3 d5 {Dieser Zug wirkt zwar
natürlich, doch die Annahme des Bauernopfers wäre m.E. aussichtsreicher.} (8...
Bxd4 9. exd4 Qxd4 10. O-O Nc6 $5 (10... Qxc4) 11. Na3 (11. Qc2 O-O 12. Be3 Qg4
13. Rd1 d5 14. cxd5 exd5 15. Nc3 Bf5 16. Qb3 d4 17. h3 Qg6 18. Bxd4 Rab8 19.
Rac1 $2 Nxd4 20. Rxd4 Bxh3 21. Bxh3 Qh6 {0-1 Pinho,P-Galego,L/Lisboa 1998/EXT
99 (40)}) 11... O-O 12. Bc3 Qc5 13. Qd2 Qe7 14. Nb5 d5 15. Bxf6 Qxf6 16. cxd5
Rd8 17. Qc3 Qxc3 18. Nxc3 exd5 19. Nxd5 Kf8 20. Rfc1 Bd7 21. Nc7 {1/2-1/2
Stean,M-Adorjan,A/Vienna 1980/MCL (21)}) (8... Nc6 9. Nc3 $5 Be7 (9... Nxd4 10.
exd4 Bxd4 11. O-O O-O 12. Nb5 $44) 10. Rc1 Qd8 11. O-O O-O 12. Qb3 (12. Qe2 $5)
12... Bc5 13. Rfd1 $5 {1-0 Nenashev,A-Vakhidov,T/Bishkek 1993/CBM 35/[Ribli] 
(45)}) 9. Nb3 $5 {Weiß opfert einen Bauern für Initiative.} (9. cxd5 Bxd4 10.
exd4 exd5 $11 (10... Nxd5 11. Nc3 $5)) 9... dxc4 (9... Be7 10. cxd5 Nxd5 (10...
exd5 11. Ba5 (11. Bc3 $14) 11... Bb4+ 12. Bxb4 Qxb4+ 13. Nc3 $14) 11. Nc3 $14)
10. Nxc5 Qxc5 11. Na3 {[%csl Rc4] Droht 12.Qa4+ mit sofortigem Rückgewinn des
Bauern.} Nc6 12. Rc1 O-O (12... b5 $2 {Dieser Zug ist - bei Läuferstellung auf
g2 - immer ein wenig verdächtig...} 13. Nxc4 $1 bxc4 14. Qa4 Bd7 15. Rxc4 $16)
13. Nxc4 $14 {Weiß hat das Läuferpaar, besonders der katalanische Bg2 ist
stark, zudem erfreut er sich der besseren Figurenstellung. Die schwarze Dame
steht unglücklich auf der c-Linie.} e5 (13... Bd7 $14) (13... Nd5 $14) (13...
Qe7 $5 $14) 14. Na5 Qe7 15. O-O $5 {Weiß kümmert sich nicht darum, den Bauern
zurück zu gewinnen, sondern schließt statt dessen seine Entwicklung ab.} (15.
Nxc6 bxc6 16. Bxc6 Bb7 17. O-O $16 {Schwarz besitzt zwar etwas Aktivität für
den Bauern, aber das reicht meiner Meinung nach nicht aus.}) 15... Nxa5 16.
Bxa5 {[%cal Rc1c7,Rc7e7]} e4 {Schwarz schließt zwar den Bg2 ab, öffnet damit
aber zugleich die Diagonale a1-h8.} (16... Qe6 17. a3 $14) 17. Qd4 {[%csl Gd4]
Die Dame ist schön zentralisiert auf d4, es droht 18.Bb4.} (17. Rc7 $2 Qe5 $19
{[%csl Ra5,Rc7][%cal Re5a5,Re5c7]}) 17... Re8 18. Rc7 {[%csl Gc7] Das
Eindringen des Turmes auf der 7. Reihe ist sehr vorteilhaft für Weiß.} Qe6 19.
a3 b6 20. Bc3 {[%csl Gc3,Gd4][%cal Gc3g7] Weiß übt spürbar Druck auf den
schwarzen Feldern aus.} Ba6 21. Rd1 Qf5 (21... Rec8 $5 22. Rxc8+ Rxc8 23. Qd6
$14) 22. h3 {[%cal Gg3g4]} Re6 (22... Be2 23. Rd2 Bf3 24. Qc4 $16) 23. a4 $1 {
[%cal Ga4a5][%mdl 32] Weiß beherrscht das Brett. Es droht 24.a5, mit aktivem
Spiel am Damenflügel.} h5 (23... Be2 24. Rd2 Bf3 25. g4 Qg6 (25... Qg5 26. Rxa7
Rxa7 27. Qd8+ Re8 28. Bxf6 $18) 26. Bxf3 exf3 27. Qf4 $16) 24. a5 Be2 (24...
bxa5 25. Ra1 $16 {[%cal Ra1a5,Ra5f5]}) 25. Ra1 b5 $2 {[%mdl 16384] Mit diesem
Zug gibt Schwarz die Herrschafft über das Feld c5 auf.} (25... Ree8 $5 26. axb6
axb6 27. Rxa8 (27. Raa7 Rad8 28. Rxf7 Rxd4 29. Rxg7+ Kh8 30. Bxd4 $44 {[%csl
Rh8]}) 27... Rxa8 28. b3 (28. Qxb6 $2 Ra1+ 29. Kh2 Qxf2 $19) 28... Bf3 29. Bf1
$14) 26. Rc5 $16 Qg6 27. h4 {[%csl Rg6][%cal Rc5g5,Rg5g6] Es droht 28.Rg5 mit
deutlichem positionellem Vorteil.} a6 28. Rg5 Qh6 29. Re1 (29. Bxe4 Rxe4 (29...
Nxe4 30. Rxg7+ Kf8 31. Bb4+ Nd6 32. Rg5 {[%csl Rd6][%cal Rg5d5]} Bf3 33. e4
Bxe4 (33... Rd8 34. e5 $18) 34. Bxd6+ Rxd6 35. Qxe4 $16) 30. Qxf6 Qxf6 31. Bxf6
g6 $14) 29... Bc4 $6 (29... Bd3 $142 $5 30. Bh3 Rc6 31. Rc5 $16 (31. Bd7 $2
Rxc3 32. bxc3 Rd8)) 30. Bh3 $18 {Das Eingreifen des weißfeldrigen Läufers ist
tödlich für Schwarz. Der Re6 macht eine unglückliche Figur.} Rc6 31. Bd7 Rd8 $8
32. Bxc6 Rxd4 33. Bxd4 {[%csl Gc6,Gd4,Gg5] Die beiden Türme sind viel
wertvoller als die passive Qh6. Schwarz kann seine Stellung nicht verbessern.}
Nh7 (33... Bd3 34. Bb7 b4 35. Rc1 $18) 34. Rxg7+ Kf8 35. Bb7 1-0

[Event "CZE-ch"]
[Site "Luhacovice"]
[Date "2003.02.19"]
[Round "2"]
[White "Haba, Petr"]
[Black "Berezjuk, Sergej"]
[Result "1-0"]
[WhiteElo "2516"]
[BlackElo "2448"]
[Annotator "Ribli,Z"]
[PlyCount "105"]
[EventDate "2003.02.18"]
[EventType "tourn"]
[EventRounds "11"]
[EventCountry "CZE"]
[EventCategory "9"]
[SourceTitle "CBM 094"]
[Source "ChessBase"]
[SourceDate "2003.05.26"]
[SourceVersion "1"]
[SourceVersionDate "2003.05.26"]
[SourceQuality "1"]

1. d4 Nf6 2. c4 e6 3. g3 {Großmeister Haba spielt gern die Katalanische
Verteidigung mit Weiß. Ich muss bemerken, dass Weiß mit diesem Zug die
Damenindische Verteidigung verhindert (die nach 3.Nf3 mit 3...b6 möglich wäre).
} c5 4. Nf3 {Statt der scharfen Benoni-Verteidigung waehlt Weiß lieber die
Englische Eroeffnung.} cxd4 5. Nxd4 Qb6 6. Bg2 Bc5 7. e3 Nc6 8. Nf3 {Diese
genuegsame Fortsetzung ist vielleicht die beste Moeglichkeit fuer Weiß.} (8.
O-O Nxd4 9. exd4 Bxd4 10. Nc3 $44) (8. Nb3 $5 Bb4+ 9. N3d2 d5 10. O-O O-O 11.
a3 Be7 12. Nc3 Rd8 13. cxd5 exd5 14. Qb3 Qc5 15. Qb5 $14) 8... O-O 9. O-O Qa6 {
Das ist die schwarze Verbesserung - interessant ist, dass diese Stellung schon
einmal zwischen denselben Spieler gespielt wurde - dort geschah 9...Rd8.} (9...
Rd8 10. Nc3 Qa6 11. b3 (11. e4 Qxc4 12. Bg5 Be7 13. e5 Ne8 14. Bxe7 Nxe7 15.
Ng5 h6 16. Nge4 Nc6 17. Nd6 {1/2-1/2 Kasparov,G-Topalov,V/Leon 1998/EXT 99 (25)
}) 11... d5 12. cxd5 exd5 13. Bb2 Nb4 14. Na4 Be7 15. Ne5 Bf5 16. g4 Bc2 17.
Qd4 Rac8 18. Rac1 b5 19. Bc3 bxa4 20. Bxb4 Bxb4 21. Qxb4 Qe6 22. Nf3 {1/2-1/2
Haba,P-Berezjuk,S/Karvina 2001/EXT 2002 (48)}) 10. b3 d5 {Nach diesem Zug
Schwarz kann seine Stellung befreien.} 11. cxd5 exd5 $6 {Nach diesem Zug muss
Schwarz die Partie mit isoliertem Bauern spielen. Die Alternative - 11...
Nxd5!? - kommt in Betracht.} (11... Nxd5 $5 12. Bb2 Rd8 $11) 12. Bb2 {[%cal
Gb2f6] Ein Entwicklungszug und Schwarz muss sofort mit 13.Bxf6 rechnen.} Nb4
13. Bd4 $1 {Der Tausch der dunkelfarbigen Läufer waere vorteilhaft fuer Weiß.}
Bxd4 (13... Be7 14. Nc3 $14) 14. Nxd4 {[%csl Gd4]} Bg4 15. Qd2 Nc6 16. Nc3 $14
{[%csl Rd5] Weiß hat einen kleinen, aber dauerhaften Positionsvorteil. Der
Gegner hat einen isolierten Bauern auf d5 und Weiß blockiert das d4-Feld (es
ist immer wichtig das Feld vor dem isolierten Bauern blockieren zu können).}
Rfd8 17. Nxc6 (17. Rac1 $14) 17... Qxc6 {Dieser Zug ist nicht schlecht, aber -
ich glaube - die Alternative bietet Schwarz bessere Gegenchancen.} (17... bxc6
18. Rac1 $14 {[%cal Gc3a4,Ga4c5]}) 18. Rac1 {[%cal Gc1c6]} Qd7 19. Qd4 {
[%csl Gd4] Die Dame steht ausgezeichnet auf d4 und dominiert das Brett.} h5 20.
f3 {Weiß muss so spielen, sonst er kann nicht Rfd1 ziehen.} Bh3 21. Rfd1 Bxg2
22. Kxg2 Qe7 (22... a6 23. Na4 $14) (22... b6 $14) 23. Ne2 {[%cal Ge2f4] Weiß
oeffnet die c-Linie fuer seinen Turm und moechte im folgenden Nf4 ziehen.} Qa3
24. Rc2 Rac8 25. Rdc1 Rc6 (25... Rxc2 26. Rxc2 $14) 26. Rxc6 {Weiß wartet
nicht auf 26...Rdc8.} bxc6 27. Rc2 (27. Rxc6 Qxa2 28. Qd3 Re8 $11) 27... Rc8
28. Qc5 $1 {Mit diesem Zug erreicht Weiß ein klar vorteilhaftes Endspiel.} Qxc5
(28... Qa6 29. Nd4 $16) 29. Rxc5 {[%mdl 4096]} Nd7 30. Ra5 {[%csl Ga5]} Rc7 31.
Nd4 {Weiß hat aktive Figuren, wärend der Gegner kein Gegenspiel hat.} g6 32. h3
$1 {[%cal Gg3g4] Weiß bereitet den Raumgewinnzug 33.g4 vor.} Kf8 33. g4 hxg4
34. hxg4 Ke7 $2 {[%mdl 8192]} (34... Ke8 $14) 35. Rxa7 $1 $16 {Diese kleine
Kombination gewinnt einen Bauern.} Kd6 (35... Rxa7 36. Nxc6+ {[%cal Rc6e7,
Rc6a7]} Kd6 37. Nxa7 Kc5 38. a3 $18) 36. Ra6 {[%cal Rd4b5,Rb5d6,Rb5c7] Jetzt
droht 37.Nb5+, mit sofortigem Gewinn.} (36. Rxc7 Kxc7 37. b4 $16) 36... Kc5 (
36... Rc8 37. b4 $18) 37. a3 {[%cal Rb3b4,Rb4c5]} Nb8 38. b4+ Kc4 (38... Kd6 $2
39. Nb5+ $18) 39. Rb6 Nd7 40. Rxc6+ Rxc6 41. Nxc6 {Jetzt hat Weiß schon zwei
Bauern mehr. Es ist wahr, dass er den a-Bauern verliert, aber inzwischen kann
er seinen Koenig aktivieren.} Kb3 42. g5 $1 {[%csl Gg5] Mit diesem Zug
befestigt Weiß die schwarzen Bauern am Koenigsfluegel.} Kxa3 43. Kg3 {[%cal
Gg3f4]} Ka4 44. Kf4 Kb5 45. Ne5 $18 {[%cal Re5f7,Re5d7]} Nf8 46. Nxf7 Kxb4 47.
Ke5 Kc4 48. f4 (48. Nd6+ Kd3 49. e4 $18) 48... Kd3 49. Kxd5 Kxe3 50. Ke5 {
[%csl Re3] Der schwarze Koenig steht weit vom Hauptkriegschauplatz. Weiß hat
nur einen Bauern mehr und es gibt wenig Material auf dem Brett, aber er steht
auf Gewinn.} Kf3 51. f5 gxf5 52. Kxf5 Ke3 53. Nd8 {[%csl Gg5][%cal Gd8e6]} 1-0